Normal view
MARC view
- Morales, Miguel
Entry Personal Name
001 - CONTROL NUMBER
- control field: 97898
003 - CONTROL NUMBER IDENTIFIER
- control field: NUST
005 - DATE AND TIME OF LATEST TRANSACTION
- control field: 20220818090314.0
008 - FIXED-LENGTH DATA ELEMENTS
- fixed length control field: 220818|| aca||aabn | a|a d
040 ## - CATALOGING SOURCE
- Original cataloging agency: NUST
- Transcribing agency: NUST
100 ## - HEADING--PERSONAL NAME
- Personal name: Morales, Miguel
670 ## - SOURCE DATA FOUND
- Source citation: Work cat.: (NUST): Morales, Miguel, Grokking Deep Reinforcement Learning, 2020.
